|
|
|
|
| LEADER |
00950ngm a2200241 i 4500 |
| 001 |
eta5198 |
| 005 |
20221015103747.0 |
| 008 |
210311s2021 hu o 0|| ger d |
| 040 |
|
|
|a SZTE Elektronikus Tananyag Archívum
|b hun
|
| 041 |
|
|
|a ger
|
| 100 |
1 |
|
|a Szigeti Csaba
|
| 245 |
1 |
0 |
|a Ausgewählte Themen zu der Anatomie der Muskulatur der oberen Extremität
|h [elektronikus dokumentum] /
|c Szigeti Csaba
|
| 246 |
1 |
0 |
|a Selected topics of the anatomy of the muscles of the upper extremity
|h [elektronikus dokumentum]
|
| 260 |
|
|
|c 2021
|
| 516 |
|
|
|a Video
|
| 650 |
|
4 |
|a Orvos- és egészségtudomány
|
| 650 |
|
4 |
|a Általános orvostudomány
|
| 650 |
|
4 |
|a Anatómia és morfológia
|
| 695 |
|
|
|a anatómia
|
| 700 |
0 |
1 |
|a Molnár Gergely
|e aut
|
| 700 |
0 |
1 |
|a Nógrádi Antal
|e aut
|
| 856 |
4 |
0 |
|u https://eta.bibl.u-szeged.hu/5198/3/I_2_OE_Muskel_player.html
|z Dokumentum-elérés
|
| 856 |
4 |
0 |
|u https://eta.bibl.u-szeged.hu/5198/5/I_2_OE_Muskel.zip
|z Dokumentum-elérés
|